Who invented it? Quiz Stats

 Plays Quiz not verified by Sporcle

Challenge
Share
Tweet
Embed
Score 0/11 Timer 05:00
0 Plays Today
Product: Inventor: % Correct
Lightbulb (most commonly known)Thomas Edison
83.3%
The KFC original chickenHarland Sanders
61.1%
BlackBerry telephone (the company)Research in Motion
27.8%
Sewing machineElias Howe
16.7%
ZipWhitcomb L Judson
11.1%
Google (there are 2 inventors)Larry Page and Sergey Brin
0%
Mobile Telephone (aka Cell phone)Martin Cooper
0%
Lego blocksOle Kirk Christiansen
0%
Wikipedia (briefly and there were 2 inventors, once again)Larry Sanger and Jimmy Wales
0%
SellotapeRichard Drew
0%
Glue Stick (the company)Henkel
0%

You're not logged in!

Compare scores with friends on all Sporcle quizzes.
OR
Log In

You Might Also Like...

Show Comments

Extras

Created Apr 11, 2012ReportNominate
Tags:invented, inventor, product

Top Quizzes Today


Score Distribution

Your Account Isn't Verified!

In order to create a playlist on Sporcle, you need to verify the email address you used during registration. Go to your Sporcle Settings to finish the process.

Report this User

Report this user for behavior that violates our Community Guidelines.

Details: